Statistics for Ultimate Percy jackson quiz

Click here to take the quiz!

General Stats

  • This quiz has been taken 28 times
  • The average score is 26 of 45

Answer Stats

HintAnswerHintAnswerHintAnswer% Correct
Seaweed brainPercy JacksonColour of Wills glowGoldGoddess of spring(Undeworld queen)Persephone
100%
Seaweed brain momSally JacksonChinese baby manFrank ZhangGod of sleepHypnos
96%
God of the seaPoseidon^^ and ^^^ descendants of.....PoseidonPercy jackson and the olympians enemyKronos/Luke
92%
Wise gurlAnnabeth Chase^greek formAresTrials of apollo enemyNero/the beast
88%
Goddess of wisdomAthenaWhich book did percy beat ares in?The Lightning ThiefPercy Jackson and the Olympians Book 2The Sea of Monsters
88%
When did wise gurl meet^Mark of AthenaMiss metal detector horseArionThe Heroes of Olympus Book 1The Lost Hero
88%
^Roman formNeptuneChinese baby man dadMarsHeroes of olympus enemyGaea/giants
83%
Athena cabin biggest fearSpiders^MomMarie LevesquePercy Jackson and the Olympians Book 4The Battle of the Labyrinth
83%
^Ex HusbandGabe Ugliano^MomEmily ZhangGod of naturePan
79%
BlowfishPaul Blofis^^PowerShapeshifterGod of the deadThanatos
79%
Wise gurl dadFrederick ChaseDaughter of ^ (camp bully)Clarisse La RueKane chronicles enemySet
75%
^^WifeHera^SisterHyllaThe Trials of Apollo Book 3The Burning Maze
71%
^Roman formMinervaMiss metal detectorHazel LevesquePercy Jackson and the Olympians Book 3The Titan's Curse
71%
God of skyZeusStuffed-animal murdererOctavianThe Trials of Apollo Book 1The Hidden Oracle
71%
^ and ^^^ MomAphrodite^^DadHermesThe Kane Chronicles Book 3The Serpents Shadow
63%
SupermanJason Grace^ is .......GrandadLeoThe Heroes of Olympus Book 3The Mark of Athena
63%
^Roman formJupiterFemale praetor in New RomeReyna Avila
Ramirez-Arellano
The Trials of Apollo Book 2The Dark Prophecy
63%
First^ArachneWhat happened to ^^ in Alaska When She Was With Her MomShe diedPercy Jackson and the Olympians Book 5The Last Olympian
58%
Most caring dad in percy jackson universeHadesGoddess of marriageHeraFrank and HazelFrazel
58%
^..Goddes of ----LovePart of the trio annabeth,percy,.......Grover underwoodMagnus Chase and the Gods of Asgard Book 2Magnus Chase and the Hammer of Thor
58%
Beauty queenPiper Mclean^^ is the queen of the ...AmazonsThe Trials of Apollo Book 5The Tower of Nero
58%
Superman sisThalia GraceCamp Half-blood OracleRachel dareThe Heroes of Olympus Book 4The House of Hades
58%
^^dadHephaestusLeo gfCalypsoAuthor of The Heroes Of OlympusRick riordan
54%
^^WifeJuno^ and ^^ MomBellonaThe Trials of Apollo Book 4The Tyrant's Tomb
54%
^Roman formPlutoGod of the sunApolloWill and NicoSolangelo
54%
^Roman formVenus^God of....Travel, ThievesMagnus Chase and the Gods of Asgard Book 1Magnus Chase and the Sword of Summer
54%
^ DadApolloGod of wineDionysusThe best titan RIPBob
50%
Name of the mechaniccal dragonFestusGod of underworldHadesSHIPS (ANSWER OK)OK
50%
Super-sized McShizzle bad boy supremeLeo Valdez^Fave foodTin Cans/EnchiladasMagnus Chase and the Gods of Asgard Book 3Magnus Chase and the Ship of the Dead
50%
^ and ^^ god of ........UnderworldGoddes of the huntArtemisThalia and LukeThaluke
50%
Sol in solangeloWill SolaceGod of travels/thievesHermesGrover and JuniperGruniper
50%
Beauty queen enemyDrew^MomMay castellanThe Kane Chronicles Book 2The Throne of Fire
46%
Beauty queen dadTristan McleanKronos' HostLuke castellanThe Kane Chronicles Book 1The Red Pyramid
46%
Leo creator of the ......Argo IIGod of seaPoseidonAuthor of Magnus Chase and the Gods of AsgardRick riordan
42%
^sisterBianca Di AngeloGoddess of wisdomAthenaPiper and Jason (RIP)Jiper/Jasper
42%
^ and ^^MomMaria Di AngeloGoddess of loveAphroditeLeo and CalypsoCaleo
42%
Death breath/ EmONico Di AngeloGod of warAresPercy and AnnabethPercabeth
42%
Superman momBeryl GraceShe stole ..... (pegasus) from PercyBlackjackThe Heroes of Olympus Book 5The Blood of Olympus
38%
^....God ofFire and ForgeGod of skyZeusAuthor of The Kane ChroniclesRick riordan
38%
what did they get in ^Athena ParthenosMiss metal detector old crushSammy valdezThe Heroes of Olympus Book 2The Son of Neptune
33%
Nico's swordStygianGod of fire/forgeHephaestusPercy and nicoPercio
33%
^^^Half siblings athena cabin (1)Malcolm PaceAres/mars god of .....WarPercy Jackson and the Olympians Book 1The Lightning Thief
29%
^MomEsperanza Valdezfound the lost god...PanAuthor of Percy Jackson and the OlympiansRick riordan
25%
^^ Half siblings (2)Matthew and Bobby Chase.Gift from her dadElectric spearMagus chase and the gods of asgard enemyLoki
25%
^Roman formVuclanALL OF THE BELOW IS GREEK ANSWER TO THIS IS OKOkAuthor of The Trials Of ApolloRick riordan
0%

Score Distribution

Percentile by Number Answered

Percent of People with Each Score

Your Score History

You have not taken this quiz